Semisimpliziale algebraische Topologie.
Guardado en:
| Autor Principal: | |
|---|---|
| Formato: | Libro |
| Idioma: | German |
| Publicado: |
Berlin ; New York :
Springer-Verlag,
1968.
|
| Series: | Grundlehren der mathematischen Wissenschaften in Einzeldarstellungen mit besonderer Berücksichtigung der Anwendungsgebiete ;
Bd. 147. |
| Materias: | |
| Etiquetas: |
Agregar Etiqueta
Sin Etiquetas, Sea el primero en etiquetar este registro!
|
| LEADER | 00878cam a22002171a 4500 | ||
|---|---|---|---|
| 001 | MAT.inmabb005746 | ||
| 008 | 840628s1968####wb#######b####000#0#ger## | ||
| 005 | 20170824120707.0 | ||
| 245 | 1 | 0 | |a Semisimpliziale algebraische Topologie. |
| 260 | |a Berlin ; |a New York : |b Springer-Verlag, |c 1968. | ||
| 300 | |a 285 p. ; |c 24 cm. | ||
| 490 | 1 | |a Die Grundlehren der mathematischen Wissenschaften in Einzeldarstellungen, mit besonderer Berücksichtigung der Anwendungsgebiete ; |v Bd. 147 | |
| 504 | |a Bibliografía: p. [275]-280. | ||
| 510 | 4 | |a MR, |c 39 #6318 | |
| 100 | 1 | |a Lamotke, Klaus. | |
| 830 | 0 | |a Grundlehren der mathematischen Wissenschaften in Einzeldarstellungen mit besonderer Berücksichtigung der Anwendungsgebiete ; |v Bd. 147. | |
| 650 | 0 | |a Algebraic topology. | |
| 084 | |a 55.40 |2 MR | ||
| 010 | |a 68016806 | ||
| 040 | |a DLC/ICU |c ICU |d DLC | ||
| 859 | |h 55 |i L235 |p A-2965 |b BIB. MATEMATICA | ||
